Quran (Record no. 13783)

MARC details
000 -LEADER
fixed length control field 00608nam a2200241 a 4500
020 ## - INTERNATIONAL STANDARD BOOK NUMBER
ISBN 9781851686940
082 00 - DEWEY DECIMAL CLASSIFICATION NUMBER
Classification number 297.122
Author Cutter GAD
100 ## - MAIN ENTRY--AUTHOR NAME
Author name Gade, Anna M
245 ## - TITLE STATEMENT
Title Quran
Sub title An Introduction
260 ## - PUBLICATION, DISTRIBUTION, ETC. (IMPRINT)
Place of publication Oxford
Name of publisher One World Publications
Year of publication 2011
300 ## - PHYSICAL DESCRIPTION
Number of Pages 304p
500 ## - GENERAL NOTE
General note includes index and biblioraphy
505 2# - FORMATTED CONTENTS NOTE
Formatted contents note glossary, biblio, index
650 ## - SUBJECT ADDED ENTRY--TOPICAL TERM
Topical Term Quran-Appreciation
942 ## - ADDED ENTRY ELEMENTS (KOHA)
Koha item type Books
700 1# -
-- Gade, Anna M
Holdings
Collection code Home library Current library Date acquired Cost, normal purchase price Full call number Accession Number Koha item type
  Henry Martyn Institute Library Henry Martyn Institute Library 05/25/2014 595.00 297.122 GAD 024563 Books
                   Copyright © 2026 | Henry Martyn Institute | Hyderabad | TS-500052 | INDIA | Implemented by hmi.edu.in
Hit-Count:

Powered by Koha